MARC details
| 000 -LEADER |
| fixed length control field |
02536cam a22004694a 4500 |
| 001 - CONTROL NUMBER |
| control field |
muse73509 |
| 003 - CONTROL NUMBER IDENTIFIER |
| control field |
MdBmJHUP |
| 005 - DATE AND TIME OF LATEST TRANSACTION |
| control field |
20210127151243.0 |
| 006 - FIXED-LENGTH DATA ELEMENTS--ADDITIONAL MATERIAL CHARACTERISTICS |
| fixed length control field |
m o d |
| 007 - PHYSICAL DESCRIPTION FIXED FIELD--GENERAL INFORMATION |
| fixed length control field |
cr||||||||nn|n |
| 008 - FIXED-LENGTH DATA ELEMENTS--GENERAL INFORMATION |
| fixed length control field |
081126s2009 ncu o 00 0 eng d |
| 010 ## - LIBRARY OF CONGRESS CONTROL NUMBER |
| Canceled/invalid LC control number |
2008051103 |
| 020 ## - INTERNATIONAL STANDARD BOOK NUMBER |
| International Standard Book Number |
9780822392422 |
| 020 ## - INTERNATIONAL STANDARD BOOK NUMBER |
| Canceled/invalid ISBN |
9780822344322 (cloth : alk. paper) |
| 020 ## - INTERNATIONAL STANDARD BOOK NUMBER |
| Canceled/invalid ISBN |
9780822344445 (pbk. : alk. paper) |
| 035 ## - SYSTEM CONTROL NUMBER |
| System control number |
(OCoLC)1103686882 |
| 040 ## - CATALOGING SOURCE |
| Original cataloging agency |
MdBmJHUP |
| Transcribing agency |
MdBmJHUP |
| 050 04 - LIBRARY OF CONGRESS CALL NUMBER |
| Classification number |
CC175 |
| Item number |
.C676 2009 |
| 082 0# - DEWEY DECIMAL CLASSIFICATION NUMBER |
| Classification number |
930.1 |
| Edition number |
22 |
| 245 00 - TITLE STATEMENT |
| Title |
Cosmopolitan Archaeologies |
| Statement of responsibility, etc. |
Lynn Meskell, editor. |
| 264 #1 - PRODUCTION, PUBLICATION, DISTRIBUTION, MANUFACTURE, AND COPYRIGHT NOTICE |
| Name of producer, publisher, distributor, manufacturer |
Duke University Press, |
| 264 #3 - PRODUCTION, PUBLICATION, DISTRIBUTION, MANUFACTURE, AND COPYRIGHT NOTICE |
| Name of producer, publisher, distributor, manufacturer |
Project MUSE, |
| 300 ## - PHYSICAL DESCRIPTION |
| Extent |
1 online resource (296 p.) : |
| Other physical details |
ill. ; |
| 490 0# - SERIES STATEMENT |
| Series statement |
Material worlds |
| 504 ## - BIBLIOGRAPHY, ETC. NOTE |
| Bibliography, etc. note |
Includes bibliographical references (p. [249]-283) and index. |
| 505 0# - FORMATTED CONTENTS NOTE |
| Formatted contents note |
Young and free: the Australian past in a global future / Jane Lydon -- Strangers and brothers? heritage, human rights, and cosmopolitan archaeology in Oceania / Ian Lilley -- Archaeology and the fortress of rationality / Denis Byrne -- The nature of culture in Kruger National Park / Lynn Meskell -- Vernacular cosmopolitanism : an archaeological critique of universalistic reason / Alfredo Gonzalez-Ruibal -- The archaeologist as a world citizen : on the morals of heritage preservation and destruction / Chip Colwell-Chanthaphonh -- "Time's wheel runs back" : conversations with the Middle Eastern past / Sandra Arnold Scham -- Mavili's voice / Ian Hodder -- "Walking around like they own the place" : quotidian cosmopolitanism at a Maya and World Heritage archaeological site / Lisa Breglia -- Translating Ecuadorian modernities : pre-Hispanic archaeology and the reproduction of global difference / O. Hugo Penavides. |
| 506 0# - RESTRICTIONS ON ACCESS NOTE |
| Terms governing access |
Open Access |
| Standardized terminology for access restriction |
Unrestricted online access |
| Source of term |
star |
| 588 ## - SOURCE OF DESCRIPTION NOTE |
| Source of description note |
Description based on print version record. |
| 650 #0 - SUBJECT ADDED ENTRY--TOPICAL TERM |
| Topical term or geographic name entry element |
Archaeologists |
| General subdivision |
Professional ethics. |
| 650 #0 - SUBJECT ADDED ENTRY--TOPICAL TERM |
| Topical term or geographic name entry element |
Cultural property |
| General subdivision |
Moral and ethical aspects. |
| 650 #0 - SUBJECT ADDED ENTRY--TOPICAL TERM |
| Topical term or geographic name entry element |
Archaeology |
| General subdivision |
Political aspects. |
| 650 #0 - SUBJECT ADDED ENTRY--TOPICAL TERM |
| Topical term or geographic name entry element |
Archaeology |
| General subdivision |
Moral and ethical aspects. |
| 655 #7 - INDEX TERM--GENRE/FORM |
| Genre/form data or focus term |
Electronic books. |
| Source of term |
local |
| 700 1# - ADDED ENTRY--PERSONAL NAME |
| Personal name |
Meskell, Lynn. |
| 710 2# - ADDED ENTRY--CORPORATE NAME |
| Corporate name or jurisdiction name as entry element |
Project Muse. |
| Relator term |
distributor |
| 830 #0 - SERIES ADDED ENTRY--UNIFORM TITLE |
| Uniform title |
Book collections on Project MUSE. |
| 856 40 - ELECTRONIC LOCATION AND ACCESS |
| Public note |
Full text available: |
| Uniform Resource Identifier |
<a href="https://muse.jhu.edu/book/64017/">https://muse.jhu.edu/book/64017/</a> |